| 000 | 01064nam a2200241Ia 4500 | ||
|---|---|---|---|
| 999 |
_c43803 _d43803 |
||
| 001 | 10548 | ||
| 003 | GE_BSU | ||
| 005 | 20250410164319.0 | ||
| 008 | 181216s2008||||ge |||||||||||||| ||geo|| | ||
| 020 | _a9789941122200 | ||
| 040 | _cGE_BSU | ||
| 041 | _ageo | ||
| 080 | _a656.13.017 ხ–27 | ||
| 100 |
_aხარიტონაშვილი, ვ. _924754 |
||
| 245 |
_aავტომობილის უწესივრობის დიაგნოსტიკა / _cა. ხარიტონაშვილი, გ. წიფურია. |
||
| 264 |
_aთბილისი : _bუნივერსალი, _c2008. |
||
| 300 |
_a145 გვ.: _bილ.; _c20 სმ. |
||
| 504 | _aბიბლიოგრ.: გვ. 145. | ||
| 653 | _aავტომობილის უწესივრობის დიაგნოსტიკა | ||
| 653 | _aსაერთაშორისო საავტომობილო ბაზარი. | ||
| 700 |
_aწიფურია, გია. _eავტორი _924755 |
||
| 942 |
_cBK _2udc |
||